| 000 | 00560nam a2200181 a 4500 | ||
|---|---|---|---|
| 005 | 20210223121309.0 | ||
| 008 | 991125s1972 es 000 0 spa u | ||
| 035 | _aUPN01000015265 | ||
| 049 | _aC | ||
| 050 | 4 |
_aPC4645 _bD5.3 |
|
| 245 | 0 | 0 |
_aDiccionario griego-español / _cdir. Florencio I. Sebastián Yarza. |
| 260 |
_aBarcelona, Esp. : _bR. Sopena, _c1972. |
||
| 300 | _a1643 p. | ||
| 650 | 4 |
_aESPAÑOL - _vDICCIONARIOS - _xGRIEGO _922772 |
|
| 650 | 4 |
_aGRIEGO - _vDICCIONARIOS - _xESPAÑOL |
|
| 700 | 1 |
_aSebastián Yarza, Florencio I., _edir. |
|
| 905 | _aLibro | ||
| 999 |
_c15265 _d15265 |
||